000 01129nam0a22002771 4500
001 rc\3216273
005 20260407124045.0
021 _aRU
_b[74-37438]
035 _a(NLR Aleph) 007465515
090 _a7361249
_c7361249
100 _a20130115d1973 |||y0rusy50 ca
101 0 _arus
102 _aRU
105 _ay ac |||||
200 1 _aГигиена женщины
_eБиблиогр. указ. отеч. литературы
_fМ-во здравоохранения УССР. Респ. науч. мед. б-ка
210 _aКиев
_cБ. и.
_d1973
215 _a48 с.
_d20
300 _aСост. указан на обороте тит. л.
606 _aЖенщина
_xЗдоровье и гигиена
_jУказатели литературы
_2psbo
700 1 _aЩербак
_bЛ.И.
_4220
712 0 2 _aУкраинская республиканская научно-медицинская библиотека им. Д. И. Ульянова
_cКиев
_3RU\NLR\AUTH\889964609
_9425431
801 0 _aRU
_bNLR
_gpsbo
801 1 _aRU
_bELAR
_2rusmarc
852 _aNLR
_jС295-660/Щ-61
942 _cBOOK
980 _aNB